Évènements marquants des années 2010 par images - Statistiques

Statistiques générales
  • Ce quiz a été pris 843 fois
  • Le résultat moyen est 14 sur 15
Statistiques - réponses
Par images Hint Réponse % Correct
17 novembre 2018 Début du mouvement des {Gilets} {jaunes}
99%
8 novembre 2016 Élection de {Donald} {Trump}
99%
6 mai 2012 Élection de {François} {Hollande}
99%
15 avril 2019 Incendie de la cathédrale {Notre}-{Dame} {de} {Paris}
99%
7 janvier 2015 Attentat contre {Charlie} {Hebdo}
98%
13 novembre 2015 Attentat terroriste au {Bataclan}
97%
31 décembre 2019 Premiers cas de {Covid}-{19} à Wuhan
97%
5 juillet 2016 Lancement du jeu mobile {Pokémon} {Go}
93%
17 avril 2011 Diffusion du premier épisode de {Game} {of} {Thrones}
92%
17 mai 2013 Légalisation du {mariage} {pour} {tous}
92%
23 juin 2016 Référendum sur le {Brexit} au Royaume-Uni
91%
5 octobre 2017 Début du mouvement #{MeToo} contre les violences sexuelles
87%
7 mars 2014 Annexion de la {Crimée} par la Russie
85%
25 juin 2010 Sortie du film {Inception} de Christopher Nolan
80%
17 décembre 2010 Début du {Printemps} {arabe} en Tunisie
72%
Aucun quiz correspondant
Distribution des résultats
% des personnes avec chaque résultat
Percentile par nombre de réponses
Votre historique - résultats
Vous n’avez pas pris ce quiz